000 00402nab a2200145Ia 4500
003 ES-SlBCS
005 20210601124312.0
008 140529s1983 xxu||||| |||| 00| 0 eng d
041 _aeng
100 1 _aBull, Barry L.
_9139443
245 0 0 _aPower over Power
_c Barry L. Bull
650 0 4 _aPoder
_9117223
773 0 _tEducational Theory
_gvol. 33, nº. 3-4, 1983, págs. 205-214
_wRev1399
942 _cAR
999 _c512599
_d512599